[Event "CAN-ch U16"]
[Site "Winnipeg"]
[Date "1992.03.30"]
[Round "2"]
[White "Ito, Andy"]
[Black "Casinathan, Uma"]
[Result "0-1"]
[WhiteElo "1690"]
[BlackElo "2013"]
[PlyCount "72"]
[EventDate "1992.03.30"]
[EventType "tourn"]
[EventRounds "9"]
[EventCountry "CAN"]
[SourceTitle "EXT 2022"]
[Source "ChessBase"]
[SourceDate "2021.10.06"]
[SourceVersion "1"]
[SourceVersionDate "2021.10.06"]
[SourceQuality "1"]

1. Nc3 g6 2. e4 Bg7 3. Bc4 d6 4. h3 c5 5. Nf3 Nc6 6. d3 a6 7. a3 e6 8. 0-0 Nge7 9. Rb1 b5 10. Ba2 Rb8 11. Ne2 b4 12. Bd2 a5 13. c3 Ba6 14. Qc2 Qb6 15. cxb4 axb4 16. axb4 Nxb4 17. Bxb4 Qxb4 18. Nc3 0-0 19. Rfd1 Nc6 20. Qa4 Qxa4 21. Nxa4 Rb4 22. b3 Rfb8 23. Nb2 Nd4 24. Nxd4 Bxd4 25. Nc4 Bxc4 26. bxc4 Rb2 27. Rf1 Bxf2+ 28. Kh2 Bd4 29. Kg3 R8b4 30. h4 Rxa2 31. h5 Rd2 32. h6 Rxd3+ 33. Kh2 Rd2 34. Rxb4 cxb4 35. Rb1 Be5+ 36. Kh3 Rd3+ 0-1